Normal view MARC view
  • Hafeez , Mudassar NC (TE-37)

Entry Personal Name

Number of records used in: 1

001 - CONTROL NUMBER

  • control field: 131314

003 - CONTROL NUMBER IDENTIFIER

  • control field: NUST

005 - DATE AND TIME OF LATEST TRANSACTION

  • control field: 20251021114045.0

008 - FIXED-LENGTH DATA ELEMENTS

  • fixed length control field: 251021|| aca||aabn | a|a d

040 ## - CATALOGING SOURCE

  • Original cataloging agency: NUST
  • Transcribing agency: NUST

100 ## - HEADING--PERSONAL NAME

  • Personal name: Hafeez , Mudassar NC (TE-37)

670 ## - SOURCE DATA FOUND

  • Source citation: Work cat.: (NUST)182828: Hafeez , Mudassar NC (TE-37), Speech compression using ITU-G. 729 implementation and analysis using matlab /, 2004
© 2023 Central Library, National University of Sciences and Technology. All Rights Reserved.